[Event "SCCA Bulletin 21st Anniversary"]
[Site "corr"]
[Date "2001.??.??"]
[Round "?"]
[White "Mackintosh, Iain"]
[Black "Beecham, C Richard"]
[Result "0-1"]
[WhiteElo "2247"]
[BlackElo "2246"]
[PlyCount "100"]
[EventDate "2001.??.??"]
[Source "Chess Mail Ltd."]
[SourceDate "2003.04.28"]

1. e4 e6 2. d4 d5 3. exd5 exd5 4. Nc3 Bb4 5. Bd3 Nc6 6. a3 Bxc3+ 7. bxc3 Nge7
8. Qf3 Be6 9. Nh3 Qd7 10. Nf4 Bf5 11. O-O O-O-O 12. a4 h5 13. h3 Bxd3 14. cxd3
Qf5 15. Qd1 h4 16. f3 g5 17. Ne2 Rd6 18. Rb1 Re6 19. Re1 Re8 20. Kf2 Qg6 21.
Rb2 f5 22. Qb3 Nd8 23. Bd2 Qg8 24. Ng1 Rg6 25. Qb4 Rb6 26. Qa3 Rxb2 27. Qxb2 g4
28. Ne2 Qg7 29. Qb5 Rg8 30. Rg1 a6 31. Qb4 Ne6 32. Qb2 Qg6 33. Qb4 Re8 34. Qb3
g3+ 35. Ke1 f4 36. Qc2 Nf5 37. Kd1 Ne3+ 38. Bxe3 fxe3 39. Kc1 Qf5 40. Re1 Ng5
41. Ng1 Kb8 42. Kd1 Qd7 43. Qb3 Ne6 44. Ne2 c5 45. Kc1 cxd4 46. cxd4 Qc7+ 47.
Kb2 Nf4 48. Nxf4 Qxf4 49. Qxd5 e2 50. Kc2 Rc8+ 0-1

[Event "SCCA Bulletin 21st Anniversary"]
[Site "corr"]
[Date "2001.??.??"]
[Round "?"]
[White "Mackintosh, Iain"]
[Black "Campbell, J Franklin"]
[Result "1/2-1/2"]
[WhiteElo "2247"]
[BlackElo "2204"]
[PlyCount "52"]
[EventDate "2001.??.??"]
[Source "Chess Mail Ltd."]
[SourceDate "2003.04.28"]

1. e4 c5 2. c3 d5 3. exd5 Qxd5 4. d4 Nf6 5. Nf3 Bg4 6. Be2 e6 7. h3 Bh5 8. O-O
Nc6 9. Be3 cxd4 10. cxd4 Be7 11. Nc3 Qd6 12. a3 O-O 13. Qb3 a6 14. Rfd1 Rfd8
15. Rac1 b5 16. d5 Nxd5 17. Nxd5 exd5 18. Rc5 Qe6 19. Rcxd5 Bf6 20. Rxd8+ Rxd8
21. Rxd8+ Nxd8 22. Qc2 Qc6 23. Qd2 Ne6 24. Ne5 Bxe5 25. Bxh5 Qe4 26. b4 Qb1+
1/2-1/2

[Event "SCCA Bulletin 21st Anniversary"]
[Site "corr"]
[Date "2001.??.??"]
[Round "?"]
[White "Mackintosh, Iain"]
[Black "Lennox, C Jonathan"]
[Result "1-0"]
[WhiteElo "2247"]
[BlackElo "2393"]
[PlyCount "69"]
[EventDate "2001.??.??"]
[Source "Chess Mail Ltd."]
[SourceDate "2003.04.28"]

1. e4 c5 2. Nf3 d6 3. d4 cxd4 4. Nxd4 Nf6 5. Nc3 a6 6. Bg5 e6 7. f4 Qc7 8. Qf3
b5 9. f5 b4 10. Nd1 Nc6 11. Bxf6 gxf6 12. Nxc6 Qxc6 13. Bd3 Bg7 14. O-O h5 15.
a3 Rb8 16. axb4 Rxb4 17. c3 Rb8 18. Rf2 Kf8 19. Ne3 Bb7 20. fxe6 fxe6 21. Qg3
Rh6 22. Nc4 e5 23. Na5 Qc5 24. Nxb7 Rxb7 25. Rxa6 d5 26. Ra8+ Kf7 27. exd5 Rxb2
28. d6 h4 29. Bc4+ Qxc4 30. Ra7+ Ke6 31. Qh3+ Kd5 32. Rxb2 Qc5+ 33. Kh1 Qxa7
34. Rd2+ Kc4 35. Qd3+ 1-0

[Event "SCCA Bulletin 21st Anniversary"]
[Site "corr"]
[Date "2001.??.??"]
[Round "?"]
[White "Mackintosh, Iain"]
[Black "Marconi, Ralph P"]
[Result "1-0"]
[WhiteElo "2247"]
[BlackElo "2152"]
[PlyCount "59"]
[EventDate "2001.??.??"]
[Source "Chess Mail Ltd."]
[SourceDate "2003.04.28"]

1. e4 e6 2. d4 d5 3. Nc3 Nf6 4. Bg5 Bb4 5. e5 h6 6. Bd2 Bxc3 7. bxc3 Ne4 8. Qg4
g6 9. Bc1 c5 10. Bd3 Nxc3 11. dxc5 Qa5 12. Bd2 Qa4 13. h3 h5 14. Qf3 Ne4 15.
Bxe4 Qxe4+ 16. Qxe4 dxe4 17. Rb1 Nd7 18. Be3 b6 19. Ne2 O-O 20. Nc3 bxc5 21.
Nxe4 Nxe5 22. Bxc5 Rd8 23. Nf6+ Kg7 24. Be7 Rh8 25. Ne4 Nd7 26. O-O f6 27. Rfd1
Kf7 28. Ba3 Nb6 29. Rb3 Nc4 30. Rb7+ 1-0

[Event "SCCA Bulletin 21st Anniversary"]
[Site "SCCA Email"]
[Date "2001.06.01"]
[Round "?"]
[White "Mackie, John J"]
[Black "Beecham, C Richard"]
[Result "1/2-1/2"]
[WhiteElo "2228"]
[BlackElo "2246"]
[PlyCount "61"]
[EventDate "2001.??.??"]
[Source "Chess Mail Ltd."]
[SourceDate "2003.04.28"]

1. d4 Nf6 2. c4 g6 3. Nc3 d5 4. cxd5 Nxd5 5. e4 Nxc3 6. bxc3 Bg7 7. Bc4 O-O 8.
Ne2 Qd7 9. O-O b5 10. Bd3 c5 11. Rb1 a6 12. d5 Qd6 13. Bf4 e5 14. Be3 f5 15. f3
f4 16. Bf2 c4 17. Bc2 g5 18. g4 Rf7 19. Kg2 h5 20. h3 hxg4 21. hxg4 Nd7 22. Rh1
Nf6 23. Ng1 Qa3 24. Nh3 Nh7 25. Qd2 Rf6 26. Bd1 Rh6 27. Be2 Bd7 28. Qb2 Qxb2
29. Rxb2 Bf8 30. Rbb1 Ba3 31. Rhd1 1/2-1/2

[Event "SCCA Bulletin 21st Anniversary"]
[Site "SCCA Email"]
[Date "2001.06.01"]
[Round "?"]
[White "Mackie, John J"]
[Black "Gurtovojs, Nikolajs"]
[Result "1-0"]
[WhiteElo "2228"]
[BlackElo "2213"]
[PlyCount "51"]
[EventDate "2001.??.??"]
[Source "Chess Mail Ltd."]
[SourceDate "2003.04.28"]

1. d4 g6 2. c4 Bg7 3. Nc3 d6 4. e4 a5 5. Be3 Bd7 6. Bd3 Na6 7. a3 h5 8. Nge2
Nf6 9. h3 c6 10. f4 Rb8 11. O-O b5 12. e5 Nh7 13. cxb5 cxb5 14. exd6 exd6 15.
f5 gxf5 16. Ng3 Qh4 17. Nxf5 Bxf5 18. Bxf5 Ng5 19. Kh2 Ne6 20. Bxe6 fxe6 21.
Qc2 Bxd4 22. Qg6+ Kd7 23. Rf7+ Kc6 24. Qxe6 Bxc3 25. Qd7+ Kd5 26. Rd1+ 1-0

[Event "SCCA Bulletin 21st Anniversary"]
[Site "SCCA Email"]
[Date "2001.06.01"]
[Round "?"]
[White "Mackie, John J"]
[Black "Lennox, C Jonathan"]
[Result "0-1"]
[WhiteElo "2228"]
[BlackElo "2393"]
[PlyCount "46"]
[EventDate "2001.??.??"]
[Source "Chess Mail Ltd."]
[SourceDate "2003.04.28"]

1. d4 d5 2. c4 Nc6 3. cxd5 Qxd5 4. e3 e5 5. Nc3 Bb4 6. Bd2 Bxc3 7. bxc3 Nf6 8.
f3 O-O 9. e4 Qd6 10. d5 Ne7 11. c4 Nd7 12. Ne2 Nc5 13. Nc3 f5 14. Nb5 Qd8 15.
Be3 b6 16. Nc3 Nb7 17. Be2 f4 18. Bf2 Rf7 19. O-O g5 20. Rc1 Rg7 21. Na4 h5 22.
c5 g4 23. h3 gxh3 0-1

[Event "SCCA Bulletin 21st Anniversary"]
[Site "corr"]
[Date "2001.??.??"]
[Round "?"]
[White "Mackie, John J"]
[Black "Campbell, J Franklin"]
[Result "1-0"]
[WhiteElo "2228"]
[BlackElo "2204"]
[PlyCount "75"]
[EventDate "2001.??.??"]
[Source "Chess Mail Ltd."]
[SourceDate "2003.04.28"]

1. d4 Nf6 2. c4 e6 3. Nc3 Bb4 4. Qc2 O-O 5. a3 Bxc3+ 6. bxc3 c5 7. e4 cxd4 8.
e5 Ne8 9. cxd4 Nc6 10. Nf3 d6 11. Bd2 f5 12. Rd1 dxe5 13. dxe5 Qc7 14. Qc3 Bd7
15. Bd3 Rc8 16. O-O g6 17. Rfe1 Ng7 18. Bh6 Rf7 19. Ng5 Re7 20. Rc1 Qa5 21. Qb2
Rd8 22. c5 Bc8 23. Bc4 Kh8 24. Nf3 Red7 25. Bg5 Re8 26. Bf6 a6 27. Qa2 Kg8 28.
Bg5 Nd4 29. Nd2 Rf8 30. Nb3 Nxb3 31. Bxb3 Rd4 32. Qb2 Rd7 33. g3 Qb5 34. Rc4
Qa5 35. Rec1 Rc7 36. Bd2 Qb5 37. Qc3 Qe8 38. Rd4 1-0

[Event "SCCA Bulletin 21st Anniversary"]
[Site "corr"]
[Date "2001.??.??"]
[Round "?"]
[White "Mackie, John J"]
[Black "Greiner, Theodore J"]
[Result "1/2-1/2"]
[WhiteElo "2228"]
[BlackElo "2271"]
[PlyCount "71"]
[EventDate "2001.??.??"]
[Source "Chess Mail Ltd."]
[SourceDate "2003.04.28"]

1. d4 Nf6 2. c4 g6 3. Nc3 d5 4. cxd5 Nxd5 5. e4 Nxc3 6. bxc3 c5 7. Bc4 Bg7 8.
Ne2 O-O 9. Be3 Nc6 10. O-O Bg4 11. f3 Na5 12. Bxf7+ Rxf7 13. fxg4 Rxf1+ 14.
Kxf1 cxd4 15. cxd4 e5 16. d5 Nc4 17. Qb3 Nxe3+ 18. Qxe3 Qh4 19. Kg1 Qxg4 20. h3
Qd7 21. Rc1 Bf8 22. Kh1 Bd6 23. Qg5 Rc8 24. Rxc8+ Qxc8 25. Qf6 Qf8 26. Qxf8+
Kxf8 27. Kg1 b5 28. Nc3 a6 29. Kf1 Ke7 30. Ke2 Bb4 31. Nd1 Bc5 32. Kd3 Kd6 33.
Kc3 a5 34. Kc2 Bd4 35. Nc3 Bxc3 36. Kxc3 1/2-1/2

[Event "SCCA Bulletin 21st Anniversary"]
[Site "corr"]
[Date "2001.??.??"]
[Round "?"]
[White "Mackie, John J"]
[Black "Marconi, Ralph P"]
[Result "1-0"]
[WhiteElo "2228"]
[BlackElo "2152"]
[PlyCount "69"]
[EventDate "2001.??.??"]
[Source "Chess Mail Ltd."]
[SourceDate "2003.04.28"]

1. d4 Nf6 2. c4 e6 3. Nc3 Bb4 4. Qc2 O-O 5. a3 Bxc3+ 6. Qxc3 b6 7. Bg5 Bb7 8.
f3 h6 9. Bh4 d5 10. e3 Nbd7 11. Rc1 c5 12. dxc5 bxc5 13. Bd3 g5 14. Bg3 Qe7 15.
Ne2 Rfe8 16. O-O e5 17. cxd5 Nxd5 18. Qd2 N5f6 19. e4 a6 20. Bf2 Nh5 21. Rfd1
Red8 22. Qa5 Rdc8 23. a4 Ng7 24. Bc4 Ne6 25. Bxe6 Qxe6 26. Ng3 c4 27. Nf5 Rc6
28. Qb4 Rc7 29. Rd6 Qe8 30. Rxh6 Qf8 31. Ne7+ Kg7 32. Qd6 Qd8 33. Nf5+ Kg8 34.
Rh8+ Kxh8 35. Qh6+ 1-0

[Event "SCCA Bulletin 21st Anniversary"]
[Site "corr"]
[Date "2001.??.??"]
[Round "?"]
[White "Mackie, John J"]
[Black "Pyrich, George D"]
[Result "0-1"]
[WhiteElo "2228"]
[BlackElo "2397"]
[PlyCount "112"]
[EventDate "2001.??.??"]
[Source "Chess Mail Ltd."]
[SourceDate "2003.04.28"]

1. d4 d5 2. c4 dxc4 3. e4 Nc6 4. Be3 Nf6 5. Nc3 e5 6. d5 Na5 7. Nf3 Bd6 8. Qa4+
Bd7 9. Qxa5 a6 10. Na4 Qe7 11. a3 Nxe4 12. Rc1 f5 13. Bxc4 b5 14. Bd3 bxa4 15.
Bxe4 fxe4 16. Ng5 O-O 17. Nxe4 Rab8 18. Nxd6 cxd6 19. O-O Rxb2 20. Rc7 Qd8 21.
Rfc1 Bb5 22. Qb6 h6 23. h3 Qf6 24. Ra7 Qg6 25. Rcc7 Rb1+ 26. Kh2 Bd7 27. Qxb1
Qxb1 28. Rxd7 Qg6 29. Rxa6 Rf6 30. Rxa4 Qd3 31. Ra5 Qf1 32. Ra8+ Kh7 33. Rad8
Rg6 34. g3 Rf6 35. Rxd6 Rxf2+ 36. Bxf2 Qxf2+ 37. Kh1 Qxg3 38. Re6 Qxh3+ 39. Kg1
Qg3+ 40. Kf1 Qxa3 41. Rd7 h5 42. Rde7 Qf3+ 43. Kg1 Qxd5 44. Rxe5 Qd4+ 45. Kg2
Qg4+ 46. Kh2 h4 47. Re3 Kg6 48. R7e4 Qd7 49. Re1 Kf5 50. Re5+ Kf6 51. R5e2 g5
52. Rf2+ Kg6 53. Rg2 Qd6+ 54. Kh1 h3 55. Rg4 Qd5+ 56. Ree4 Kf5 0-1

[Event "SCCA Bulletin 21st Anniversary"]
[Site "SCCA Email"]
[Date "2001.06.01"]
[Round "?"]
[White "Marconi, Ralph P"]
[Black "Lennox, C Jonathan"]
[Result "0-1"]
[WhiteElo "2152"]
[BlackElo "2393"]
[PlyCount "42"]
[EventDate "2001.??.??"]
[Source "Chess Mail Ltd."]
[SourceDate "2003.04.28"]

1. d4 d5 2. Nf3 Nc6 3. g3 Bg4 4. Bg2 Qd7 5. h3 Bh5 6. c3 f6 7. b4 a6 8. O-O e5
9. dxe5 fxe5 10. e4 Bxf3 11. Qxf3 d4 12. cxd4 Qxd4 13. Nc3 Nf6 14. Bg5 Qd6 15.
a3 Be7 16. Rfd1 Nd4 17. Qd3 Rd8 18. f4 $2 Qb6 19. Na4 Ne2+ 20. Kf1 Qg1+ 21.
Kxe2 Qxg2+ 0-1

[Event "SCCA Bulletin 21st Anniversary"]
[Site "SCCA Email"]
[Date "2001.06.01"]
[Round "?"]
[White "Marconi, Ralph P"]
[Black "Milligan, Bernard"]
[Result "1-0"]
[WhiteElo "2152"]
[BlackElo "2435"]
[PlyCount "75"]
[EventDate "2001.??.??"]
[Source "Chess Mail Ltd."]
[SourceDate "2003.04.28"]

1. d4 d5 2. c4 dxc4 3. Nf3 a6 4. e3 e6 5. Bxc4 c5 6. O-O Nf6 7. Qe2 cxd4 8.
exd4 Be7 9. Nc3 O-O 10. a4 b6 11. Be3 Bb7 12. Rad1 Qd6 13. Rd2 Nbd7 14. Rfd1 b5
15. axb5 axb5 16. Bxb5 Rfd8 17. h3 h6 18. Bc4 Nb6 19. Bd3 Nbd5 20. Ne5 Nxc3 21.
bxc3 Rdc8 22. c4 Nd7 23. Nxd7 Qxd7 24. Qg4 Qc6 25. d5 exd5 26. cxd5 Qf6 27. Qe4
g6 28. Bxh6 Bd6 29. h4 Re8 30. Qg4 Qe5 31. f4 Qd4+ 32. Kh1 Qh8 33. Bg5 Bc8 34.
f5 Qe5 35. g3 Qxd5+ 36. Kh2 Be5 37. Be4 Qxe4 38. Qxe4 1-0

[Event "SCCA Bulletin 21st Anniversary"]
[Site "corr"]
[Date "2001.??.??"]
[Round "?"]
[White "Marconi, Ralph P"]
[Black "Blair, David"]
[Result "1/2-1/2"]
[WhiteElo "2152"]
[BlackElo "2326"]
[PlyCount "66"]
[EventDate "2001.??.??"]
[Source "Chess Mail Ltd."]
[SourceDate "2003.04.28"]

1. e4 g6 2. d4 Bg7 3. Nc3 d6 4. Be3 Nf6 5. Qd2 c6 6. Bh6 Bxh6 7. Qxh6 Qa5 8.
Qd2 Nbd7 9. Nf3 b5 10. Bd3 Bb7 11. O-O a6 12. e5 dxe5 13. dxe5 b4 14. exf6 bxc3
15. Qxc3 Qxc3 16. bxc3 exf6 17. Rfe1+ Kd8 18. Rab1 Rb8 19. Bc4 c5 20. Nd2 Rf8
21. f4 h6 22. Kf2 g5 23. g3 Kc7 24. Re7 gxf4 25. gxf4 Kd6 26. Rxf7 Rxf7 27.
Bxf7 Bd5 28. Rxb8 Nxb8 29. Bxd5 Kxd5 30. Ke3 f5 31. c4+ Kd6 32. Nf3 Nd7 33. Nh4
Ke6 1/2-1/2

[Event "SCCA Bulletin 21st Anniversary"]
[Site "corr"]
[Date "2001.??.??"]
[Round "?"]
[White "Marconi, Ralph P"]
[Black "Campbell, J Franklin"]
[Result "1/2-1/2"]
[WhiteElo "2152"]
[BlackElo "2204"]
[PlyCount "44"]
[EventDate "2001.??.??"]
[Source "Chess Mail Ltd."]
[SourceDate "2003.04.28"]

1. e4 c5 2. c3 d5 3. exd5 Qxd5 4. d4 Nf6 5. Nf3 Bg4 6. Nbd2 e6 7. Qa4+ Nbd7 8.
Bc4 Qd6 9. O-O Be7 10. Re1 O-O 11. Bd3 a6 12. Qc2 b5 13. h3 Bxf3 14. Nxf3 cxd4
15. Nxd4 Nc5 16. Be2 Nd5 17. Bf3 Rac8 18. Be3 Rfd8 19. Rad1 Nxe3 20. Rxe3 Qb6
21. Re2 Bf6 22. Nb3 Na4 1/2-1/2

[Event "SCCA Bulletin 21st Anniversary"]
[Site "corr"]
[Date "2001.??.??"]
[Round "?"]
[White "Marconi, Ralph P"]
[Black "Greiner, Theodore J"]
[Result "0-1"]
[WhiteElo "2152"]
[BlackElo "2271"]
[PlyCount "84"]
[EventDate "2001.??.??"]
[Source "Chess Mail Ltd."]
[SourceDate "2003.04.28"]

1. e4 c5 2. c3 d5 3. exd5 Qxd5 4. d4 Nf6 5. Nf3 Bg4 6. Be2 e6 7. h3 Bh5 8. O-O
Nc6 9. a3 cxd4 10. cxd4 Be7 11. Nc3 Qd6 12. Be3 O-O 13. Qb3 Rfd8 14. Rfd1 a6
15. Qa2 Rac8 16. Rac1 b5 17. b4 Bg6 18. Rd2 Rd7 19. Ne1 Rdc7 20. Rcd1 Nxb4 21.
Nxb5 axb5 22. axb4 Nd5 23. Bxb5 Nc3 24. Qa6 Qd5 25. Be2 Ra8 26. Qb6 Rb7 27. Bf3
Rxb6 28. Bxd5 Nxd5 29. Nd3 Bxd3 30. Rxd3 Rxb4 31. g4 h6 32. Kg2 Rab8 33. R1d2
Rb3 34. Kf3 Kh7 35. Ke2 Bg5 36. Kf3 Kg6 37. Ke4 Nf6+ 38. Kf3 Bxe3 39. Kxe3 Kg5
40. Kf3 Kh4 41. Kg2 Nd5 42. Rxb3 Rxb3 0-1

[Event "SCCA Bulletin 21st Anniversary"]
[Site "corr"]
[Date "2001.??.??"]
[Round "?"]
[White "Marconi, Ralph P"]
[Black "Pyrich, George D"]
[Result "1/2-1/2"]
[WhiteElo "2152"]
[BlackElo "2397"]
[PlyCount "58"]
[EventDate "2001.??.??"]
[Source "Chess Mail Ltd."]
[SourceDate "2003.04.28"]

1. d4 Nf6 2. c4 e5 3. dxe5 Ng4 4. Bf4 Nc6 5. Nf3 Bb4+ 6. Nbd2 Qe7 7. e3 Ngxe5
8. Nxe5 Nxe5 9. Be2 O-O 10. O-O a5 11. a3 Bc5 12. Nb3 Bb6 13. c5 Ba7 14. Qd5
Re8 15. Rac1 a4 16. Nd2 d6 17. cxd6 cxd6 18. Nc4 Nxc4 19. Bxc4 Bc5 20. Rfd1 Be6
21. Qf3 Bxc4 22. Rxc4 b5 23. Rc2 b4 24. axb4 Bxb4 25. Rc4 Bc5 26. Ra1 a3 27.
bxa3 Rxa3 28. Rxa3 Bxa3 29. Ra4 Bc5 1/2-1/2

[Event "SCCA Bulletin 21st Anniversary"]
[Site "corr"]
[Date "2001.??.??"]
[Round "?"]
[White "Marconi, Ralph P"]
[Black "Tatlow, Stephen"]
[Result "0-1"]
[WhiteElo "2152"]
[BlackElo "2342"]
[PlyCount "76"]
[EventDate "2001.??.??"]
[Source "Chess Mail Ltd."]
[SourceDate "2003.04.28"]

1. d4 d5 2. c4 dxc4 3. Nf3 Nf6 4. e3 Bg4 5. Bxc4 e6 6. h3 Bh5 7. Nc3 a6 8. O-O
Nc6 9. Be2 Bd6 10. a3 O-O 11. b4 Qe8 12. Bb2 e5 13. dxe5 Nxe5 14. Nd5 Nxd5 15.
Qxd5 Nxf3+ 16. Bxf3 Bxf3 17. Qxf3 b6 18. Qd5 Qb5 19. Qd4 f6 20. a4 Qxb4 21.
Qd5+ Kh8 22. Ba3 Qxa4 23. Bxd6 Qd7 24. Rfd1 cxd6 25. Qxd6 Qxd6 26. Rxd6 Rfb8
27. Rd7 Kg8 28. Rc1 Rc8 29. Rxc8+ Rxc8 30. Ra7 Rc1+ 31. Kh2 a5 32. Rb7 Rc6 33.
Ra7 Rc4 34. Rb7 Rb4 35. g4 a4 36. Kg3 Rb5 37. Kf3 a3 38. Ra7 Ra5 0-1

[Event "SCCA Bulletin 21st Anniversary"]
[Site "SCCA Email"]
[Date "2001.06.01"]
[Round "?"]
[White "Milligan, Bernard"]
[Black "Beecham, C Richard"]
[Result "0-1"]
[WhiteElo "2435"]
[BlackElo "2246"]
[PlyCount "70"]
[EventDate "2001.??.??"]
[Source "Chess Mail Ltd."]
[SourceDate "2003.04.28"]

1. e4 e6 2. d4 d5 3. Nd2 c5 4. exd5 Qxd5 5. Ngf3 cxd4 6. Bc4 Qd6 7. Qe2 Nf6 8.
Nb3 Nc6 9. Bg5 a6 10. O-O-O b5 11. Bd3 Be7 12. Nbxd4 Nxd4 13. Nxd4 Qc5 14. f4
Bb7 15. Rhe1 Rd8 16. Nb3 Qc7 17. f5 Bd5 18. fxe6 Bxe6 19. Qf3 O-O 20. h3 Rd7
21. g4 Rfd8 22. Bf4 Qc8 23. Kb1 Bd5 24. Qe2 Bc4 25. g5 Nd5 26. Qe4 g6 27. Bc1
a5 28. h4 Bb4 29. Bd2 a4 30. Nc1 Bxd2 31. Rxd2 a3 32. h5 axb2 33. Kxb2 Re7 34.
Qh4 Rxe1 35. Qxe1 Re8 0-1

[Event "SCCA Bulletin 21st Anniversary"]
[Site "SCCA Email"]
[Date "2001.06.01"]
[Round "?"]
[White "Milligan, Bernard"]
[Black "Fordham Hall, Christopher M"]
[Result "0-1"]
[WhiteElo "2435"]
[BlackElo "2299"]
[PlyCount "34"]
[EventDate "2001.??.??"]
[Source "Chess Mail Ltd."]
[SourceDate "2003.04.28"]

1. e4 c5 2. c3 Nf6 3. e5 Nd5 4. Nf3 d6 5. d4 cxd4 6. cxd4 Nc6 7. Bc4 Nb6 8. Bb5
Bd7 9. Nc3 dxe5 10. dxe5 a6 11. Be2 Bg4 12. Be3 Qxd1+ 13. Rxd1 Nd7 14. h3 Bxf3
15. e6 fxe6 16. Bxf3 Rc8 17. Bg4 Nd8 0-1

[Event "SCCA Bulletin 21st Anniversary"]
[Site "SCCA Email"]
[Date "2001.06.01"]
[Round "?"]
[White "Milligan, Bernard"]
[Black "Gurtovojs, Nikolajs"]
[Result "0-1"]
[WhiteElo "2435"]
[BlackElo "2213"]
[PlyCount "46"]
[EventDate "2001.??.??"]
[Source "Chess Mail Ltd."]
[SourceDate "2003.04.28"]

1. e4 c5 2. c3 e6 3. d4 cxd4 4. cxd4 Bb4+ 5. Nc3 d6 6. Qa4+ Nc6 7. Bd2 Bd7 8.
Rc1 Nf6 9. Nf3 Qb6 10. Nb5 a6 11. Bxb4 Nxb4 12. Qa3 O-O 13. Nxd6 Qxd6 14. e5
Rfc8 15. exd6 Rxc1+ 16. Kd2 Rc2+ 17. Kd1 Rac8 18. Qxb4 Rc1+ 19. Kd2 R8c2+ 20.
Kd3 Bb5+ 21. Qxb5 axb5 22. Be2 Kf8 23. Rxc1 Rxc1 0-1

[Event "SCCA Bulletin 21st Anniversary"]
[Site "SCCA Email"]
[Date "2001.06.01"]
[Round "?"]
[White "Milligan, Bernard"]
[Black "Mackie, John J"]
[Result "1/2-1/2"]
[WhiteElo "2435"]
[BlackElo "2228"]
[PlyCount "74"]
[EventDate "2001.??.??"]
[Source "Chess Mail Ltd."]
[SourceDate "2003.04.28"]

1. e4 c5 2. Nf3 d6 3. d4 cxd4 4. Nxd4 Nf6 5. Nc3 a6 6. Bg5 e6 7. Qe2 Be7 8. h4
b5 9. a3 Qc7 10. Qf3 Bb7 11. Bd3 Nbd7 12. O-O Ne5 13. Qg3 h6 14. Bd2 O-O 15.
Rae1 Kh8 16. Nf3 Nc4 17. Bc1 Rfd8 18. b3 Ne5 19. Nxe5 dxe5 20. Bb2 Rac8 21. b4
Nh5 22. Qf3 Nf4 23. g3 Nxd3 24. cxd3 f6 25. Rc1 Qb6 26. Qe2 a5 27. Na2 axb4 28.
Rxc8 Rxc8 29. Nxb4 Qa7 30. Qg4 Bxb4 31. axb4 Qa4 32. Qxe6 Qxb4 33. Bc1 Qf8 34.
Be3 Rc3 35. Qb6 Bc6 36. Rc1 Rxc1+ 37. Bxc1 Bd7 1/2-1/2

[Event "SCCA Bulletin 21st Anniversary"]
[Site "SCCA Email"]
[Date "2001.06.01"]
[Round "?"]
[White "Milligan, Bernard"]
[Black "Mackintosh, Iain"]
[Result "0-1"]
[WhiteElo "2435"]
[BlackElo "2247"]
[PlyCount "56"]
[EventDate "2001.??.??"]
[Source "Chess Mail Ltd."]
[SourceDate "2003.04.28"]

1. e4 e5 2. Nf3 d6 3. d4 Nd7 4. Bc4 c6 5. O-O Be7 6. a4 Ngf6 7. Qe2 exd4 8.
Nxd4 O-O 9. Rd1 Re8 10. Nc3 Bf8 11. Bf4 d5 12. Bd3 Qb6 13. Nb3 Nc5 14. a5 Qd8
15. e5 Bg4 16. f3 Nxb3 17. cxb3 Bc5+ 18. Kh1 Nh5 19. Bd2 Bd7 20. g4 Nf6 21. Bf4
Bd6 22. Re1 Bc7 23. Qf2 h6 24. b4 Nh7 25. Rac1 Nf8 26. Bg3 Qb8 27. Qe2 f6 28.
f4 Qc8 0-1

[Event "SCCA Bulletin 21st Anniversary"]
[Site "corr"]
[Date "2001.??.??"]
[Round "?"]
[White "Milligan, Bernard"]
[Black "Rawlings, Alan J C"]
[Result "0-1"]
[WhiteElo "2435"]
[BlackElo "2372"]
[PlyCount "70"]
[EventDate "2001.??.??"]
[Source "Chess Mail Ltd."]
[SourceDate "2003.04.28"]

1. e4 c6 2. Qe2 d5 3. exd5 cxd5 4. d4 Nc6 5. c3 Nf6 6. Nf3 Bg4 7. Nbd2 e6 8. h3
Bf5 9. Qe3 Bd6 10. g4 Bc2 11. Bd3 Bxd3 12. Qxd3 O-O 13. g5 Nh5 14. Nb3 Qc7 15.
Bd2 a5 16. a4 Ne7 17. O-O-O Rfc8 18. Kc2 Qb6 19. Be3 Nf5 20. Rhg1 Rc4 21. Ra1
Qc6 22. Ne5 Bxe5 23. dxe5 Nf4 24. Qd2 Ng6 25. Nd4 Nxd4+ 26. Bxd4 Rxa4 27. b3
Rxa1 28. Rxa1 a4 29. bxa4 Rxa4 30. Qc1 f6 31. Rxa4 Qxa4+ 32. Kd2 fxe5 33. Be3
Nf4 34. Qb1 Qc4 35. Bxf4 Qxf4+ 0-1

[Event "SCCA Bulletin 21st Anniversary"]
[Site "corr"]
[Date "2001.??.??"]
[Round "?"]
[White "Milligan, Bernard"]
[Black "Sprott, George R"]
[Result "0-1"]
[WhiteElo "2435"]
[BlackElo "2379"]
[PlyCount "66"]
[EventDate "2001.??.??"]
[Source "Chess Mail Ltd."]
[SourceDate "2003.04.28"]

1. c4 e5 2. Nc3 Nf6 3. g3 Bb4 4. Qb3 Nc6 5. Nd5 Bc5 6. Bg2 O-O 7. e3 Nxd5 8.
cxd5 Ne7 9. Qc4 d6 10. Nf3 c6 11. dxc6 Nxc6 12. O-O Be6 13. Qa4 Qf6 14. Rd1 Bb6
15. d3 Rfe8 16. h4 h6 17. g4 d5 18. g5 Qg6 19. e4 Bg4 20. Re1 hxg5 21. hxg5 Qh5
22. Nh2 Bxf2+ 23. Kxf2 Qh4+ 24. Kf1 Qxh2 25. Be3 Bh3 26. Bxh3 Qxh3+ 27. Kf2 d4
28. Bc1 Qxd3 29. Qb3 Qxb3 30. axb3 Nb4 31. Rh1 Rac8 32. Bd2 Rc2 33. Ke2 Na6 0-1

[Event "SCCA Bulletin 21st Anniversary"]
[Site "SCCA Email"]
[Date "2001.06.01"]
[Round "?"]
[White "Pyrich, George D"]
[Black "Blair, David"]
[Result "1-0"]
[WhiteElo "2397"]
[BlackElo "2326"]
[PlyCount "93"]
[EventDate "2001.??.??"]
[Source "Chess Mail Ltd."]
[SourceDate "2003.04.28"]

1. c4 Nf6 2. Nc3 c5 3. g3 d5 4. cxd5 Nxd5 5. Bg2 Nc7 6. Qb3 Nd7 7. Nf3 e5 8.
O-O Be7 9. e3 Ne6 10. Rd1 Bf6 11. Ne4 O-O 12. d3 Rb8 13. Bd2 b5 14. Qa3 Bb7 15.
b4 Bxe4 16. dxe4 Qc7 17. bxc5 Ndxc5 18. Bb4 Rb6 19. Rac1 Rc6 20. Bxc5 Rxc5 21.
Rxc5 Nxc5 22. Rc1 Be7 23. Qc3 Rd8 24. Nxe5 b4 25. Qb2 a5 26. Bf1 Bd6 27. Nf3
Qe7 28. e5 Bb8 29. Qc2 Nd7 30. e6 Qxe6 31. Nd4 Qf6 32. Nc6 Rf8 33. Nxa5 Ne5 34.
Qe4 Qd6 35. Nb3 Qe7 36. Nd4 g6 37. Bc4 Kh8 38. Bb3 Re8 39. Ne2 f5 40. Qc2 Qb7
41. Nd4 Bd6 42. Ba4 Rb8 43. Qb3 Qe4 44. Bc6 Nxc6 45. Rxc6 Rd8 46. Qe6 Be5 47.
Rc4 1-0

[Event "SCCA Bulletin 21st Anniversary"]
[Site "SCCA Email"]
[Date "2001.06.01"]
[Round "?"]
[White "Pyrich, George D"]
[Black "Fordham Hall, Christopher M"]
[Result "0-1"]
[WhiteElo "2397"]
[BlackElo "2299"]
[PlyCount "72"]
[EventDate "2001.??.??"]
[Source "Chess Mail Ltd."]
[SourceDate "2003.04.28"]

1. d4 Nf6 2. c4 c5 3. d5 b5 4. cxb5 a6 5. bxa6 Bxa6 6. g3 g6 7. Bg2 d6 8. b3
Nbd7 9. Bb2 Bh6 10. Nh3 O-O 11. O-O Qb6 12. Bc3 Rfc8 13. Nd2 Qb7 14. Ne4 Nxe4
15. Bxe4 e5 16. Bg2 f5 17. Re1 e4 18. Nf4 Bxf4 19. gxf4 Nb6 20. Bb2 Rcb8 21.
Rb1 Bb5 22. Qd2 Rxa2 23. f3 Qxd5 24. Qc3 Qd4+ 25. Qxd4 cxd4 26. fxe4 d3 27.
exf5 dxe2 28. Bd4 gxf5 29. Rb2 Rxb2 30. Bxb2 Nd7 31. Bf3 Nc5 32. Ba3 Ne4 33.
Bxe4 fxe4 34. Bxd6 Rd8 35. Be5 Rd1 36. Bc3 Rd3 0-1

[Event "SCCA Bulletin 21st Anniversary"]
[Site "SCCA Email"]
[Date "2001.06.01"]
[Round "?"]
[White "Pyrich, George D"]
[Black "Milligan, Bernard"]
[Result "1-0"]
[WhiteElo "2397"]
[BlackElo "2435"]
[PlyCount "67"]
[EventDate "2001.??.??"]
[Source "Chess Mail Ltd."]
[SourceDate "2003.04.28"]

1. b3 d5 2. Nf3 Bg4 3. e3 Nd7 4. Bb2 Ngf6 5. h3 Bh5 6. d3 h6 7. Nbd2 e6 8. Qe2
Be7 9. g4 Bg6 10. Rg1 c6 11. h4 Qc7 12. g5 hxg5 13. hxg5 Nh5 14. Nh4 O-O-O 15.
Nxg6 fxg6 16. Qg4 Rde8 17. d4 Bd6 18. Bd3 Nf8 19. O-O-O Qa5 20. Kb1 Kb8 21. Nf3
Qc7 22. Nh4 Qf7 23. f4 b5 24. Rh1 a5 25. Rh2 Rc8 26. Rdh1 b4 27. Nxg6 Nxg6 28.
Rxh5 Rxh5 29. Rxh5 Ne7 30. g6 Qf6 31. Bc1 Rf8 32. Bd2 Kc7 33. c4 bxc3 34. Bxc3
1-0